A nagymihályi szolgabíroi állás betöltése

Podrobná bibliografia
Médium: Článok
Jazyk:Hungarian
Témy:
Zdroj: 1. Homonna és Vidéke : Vegyes tartalmu közmüvelődési, szépirodalmi és közgazdasági hetilap 1. Roč. 3, č. 37 (10.09.1903) s. 2
LEADER 01225nab#a2200325#ar4500
001 000062313
003 SVKKK
005 20111006073504.0
008 080218d1903 xo |||||||||||||||b|hun
FMT
038 |a SVKKK 
040 |a SVKKK  |b slo  |e AACR2 
041 0 |a hun 
044 |a xo  |c SK 
080 |a 353  |2 1997 
242 1 0 |a Obsadenie slúžnovského úradu v Michalovciach  |y slo 
245 1 2 |a A nagymihályi szolgabíroi állás betöltése 
650 0 4 |a komisia okresná-župná - Michalovce (okres) - 4.09.1903 - úrad slúžnovský - obsadenie - voľby - práce prípravné - obežník - rozposlanie - Isépy, Zoltán (slúžny) - kandidát doporučovaný - Bajusz, Andor - Barczy, Gusztáv - kandidáti ďalší - informácie 
655 4 |a hungariká 
773 0 |t Homonna és Vidéke : Vegyes tartalmu közmüvelődési, szépirodalmi és közgazdasági hetilap  |g Roč. 3, č. 37 (10.09.1903) s. 2 
957 |a Michalovce 
958 |a DG 
958 |a HU 
974 |a KKá 
992 |a RBX 
997 |a Bajusz, Andor p. Bajusz, Ondrej  |d Nagymihály p. Michalovce 
997 |a Barczy, Gustáv  |d Nagymihály p. Michalovce 
997 |a Isépy, Zoltán  |d Nagymihály p. Michalovce 
BAS
998 |a RETRO